01095nam a22002657a 4500003000400000005001700004008004100021040001800062050002600080100003800106245024700144264003800391300004300429336002200472337002400494338002400518650002400542700002900566700003700595700004000632700004100672700004300713700003700756700003600793OSt20260601193858.0260421b1993 mx a|||| |||| 00| 0 spa d aICIbspacICI a F1219.3S57bR56 1993 aRios Navarrete, Humberto, eautor a Los indios de México, 500 años después /creporteros Humberto Ríos Navarrete, Leonardo Rosas, Martín Vargas Vidales ; fotógrafos, Luis Jorge Gallegos, Francisco Martínez, Mario Martínez Meza, Aarón Sánchez, Miguel Velasco aMéxico :b Editorial Uno,c1993 a 219 páginasbilustraciones c20 cm. 2rdacontentatexto 2rdamediaasin medio 2rdacarrieravolumen a Indios de México aRosas, Leonardo,e autor a Vargas Vidales, Martin, eautor a Gallegos, Luis Jorge efotógrafo a Martínez, Francisco,efotógrafo aMartínez Meza, Mario, e fotógrafo aSánchez, Aarón,efotógrafo a Velasco, Miguel, efotógrafo